Detalles MARC
| 000 -Cabecera |
| Campo de control de longitud fija |
01402aam a2200469 4500 |
| 005 - Fecha y hora de la última transacción |
| Campo de control |
20241203183332.0 |
| 008 - Elementos de longitud fija--Información general |
| Campo de control de longitud fija |
150716b xxu||||| |||| 00| 0 spa d |
| 041 ## - Idioma |
| Código de idioma |
|
| 082 ## - Clasificación Decimal Dewey |
| Número de clasificación |
658.314 D357m |
| 100 ## - Entrada principal--Autor personal |
| Nombre personal |
Dell, Twyla |
| 9 (RLIN) |
14580 |
| 245 ## - Título propiamente dicho |
| Título |
La motivación en el trabajo: el desarrollo de una actitud positiva en el empleado |
| 260 ## - Pie de imprenta |
| Lugar de publicación, distribución, etc. |
México |
| Nombre del editor, distribuidor, etc. |
Trillas |
| Fecha de publicación, distribución, etc. |
1991 |
| 300 ## - Descripción física |
| Extensión |
84 páginas |
| 650 ## - Materia general |
| Temática (materia general) |
MOTIVACIÓN PERSONAL |
| 650 ## - Materia general |
| Temática (materia general) |
INCENTIVOS |
| 650 ## - Materia general |
| Temática (materia general) |
ACTITUD POSITIVA |
| 650 ## - Materia general |
| Temática (materia general) |
DESARROLLO PERSONAL |
| 650 ## - Materia general |
| Temática (materia general) |
PRODUCTIVIDAD |
| 650 ## - Materia general |
| Temática (materia general) |
PLAN DE PRODUCTIVIDAD |
| 650 ## - Materia general |
| Temática (materia general) |
BIENESTAR EN EL TRABAJO |
| 650 ## - Materia general |
| Temática (materia general) |
ADMINISTRACIÓN DE PERSONAL |
| 650 ## - Materia general |
| Temática (materia general) |
FLUJO DE TRABAJO |
| 650 ## - Materia general |
| Temática (materia general) |
CALIDAD DEL DESEMPEÑO |
| 650 ## - Materia general |
| Temática (materia general) |
VISIÓN |
| 650 ## - Materia general |
| Temática (materia general) |
SATISFACCIÓN LABORAL |
| 650 ## - Materia general |
| Temática (materia general) |
COMPROMISO LABORAL |
| 650 ## - Materia general |
| Temática (materia general) |
CLIMA ORGANIZACIONAL |
| 650 ## - Materia general |
| Temática (materia general) |
RENDIMIENTO EN EL TRABAJO |
| 650 ## - Materia general |
| Temática (materia general) |
ESTRATEGIAS MOTIVACIONALES |
| 650 ## - Materia general |
| Temática (materia general) |
LIDERAZGO EFECTIVO |
| 650 ## - Materia general |
| Temática (materia general) |
MEJORA CONTINUA |
| 650 ## - Materia general |
| Temática (materia general) |
CRECIMIENTO PROFESIONAL |
| 650 ## - Materia general |
| Temática (materia general) |
COMUNICACIÓN INTERNA |
| 650 ## - Materia general |
| Temática (materia general) |
DESARROLLO DE HABILIDADES |
| 650 ## - Materia general |
| Temática (materia general) |
EMPATÍA EN EL TRABAJO |
| 650 ## - Materia general |
| Temática (materia general) |
EQUIPOS DE ALTO RENDIMIENTO |
| 650 ## - Materia general |
| Temática (materia general) |
MOTIVACIÓN INTRÍNSECA |
| 650 ## - Materia general |
| Temática (materia general) |
GESTIÓN DEL TALENTO |
| 650 ## - Materia general |
| Temática (materia general) |
CULTURA ORGANIZACIONAL |
| 942 ## - Punto de acceso adicional KOHA |
| Tipo de ítem KOHA |
Libro |
| Fuente del sistema de clasificación o colocación |
Dewey Decimal Classification |